[Event "CZE-ch 2020"]
[Site "Pilsen"]
[Date "2020.08.24"]
[Round "2.6"]
[White "Freisler, Pavel"]
[Black "Simacek, Pavel"]
[Result "1-0"]
[WhiteElo "2249"]
[BlackElo "2474"]
[Annotator "TA"]
[PlyCount "89"]
[EventDate "2020.08.23"]
[EventType "swiss"]
[EventCountry "CZE"]
[SourceTitle "playchess.com"]
[Source "ChessBase"]
[SourceQuality "1"]

{[%evp 20,89,15,18,28,29,43,36,39,47,50,31,58,41,96,85,91,83,93,92,93,79,110,97,91,97,167,165,159,160,146,159,173,170,208,128,167,0,191,184,239,231,217,213,245,200,498,468,995,972,1653,1232,1207,1290,2023,1370,2391,29975,9626,29976,3515,3300,29985,5584,1802,1635,1174,1134,895,895,1476,1187]} 1. d4 d6 2. c4 g6 3. Nf3 Nf6 4. g3 Bg7 5. Bg2 O-O 6. O-O Nc6 7. Nc3 a6 8. d5 Na5 9. Nd2 c5 10. Qc2 {10.Rb1 deserves study. Played by Anish Giri in June 2020.} Rb8 11. a4 e6 {E66: King's Indian: Fianchetto: 6...c5 7 0-0 Nc6 8 d5.} 12. b3 exd5 13. cxd5 Re8 {White is slightly better.} 14. Bb2 h5 {[#]} 15. h3 $146 ({Predecessor:} 15. Rfe1 h4 16. gxh4 Re5 17. e4 Rh5 18. Ne2 Rxh4 19. Ng3 Bd7 20. e5 {½-½ (20) Jara,J (1580)-Gofman,A (1581) LSS email 2010}) 15... Bd7 16. Rfe1 b5 (16... b6 $14) 17. axb5 $16 axb5 18. Nce4 Nxe4 19. Nxe4 {aiming for Bxg7.} Nb7 20. Ra7 Bf5 {Strongly threatening ...Bxb2.} 21. Bxg7 Bxe4 22. Qb2 {And now Bh8 would win.} Kh7 (22... Bxg2 $16 23. Kxg2 f5) 23. Bf6 $18 Qc8 24. Qd2 Qf5 25. Bb2 Bxg2 26. Kxg2 $40 {[%mdl 128] Black is in trouble.} g5 27. Qc3 {[%csl Gb2][%cal Rc3g7]} Qe5 28. Qd2 Qf5 29. f3 $1 b4 (29... h4 {is a better defense.} 30. e4 Qg6) 30. e4 Qg6 31. e5 h4 32. Re4 {Hoping for Rg4.} f5 $2 (32... dxe5 {was necessary.} 33. Bxe5 Nd6 34. Bxd6 Qxd6) 33. Re2 hxg3 (33... g4 $142 34. fxg4 fxg4) 34. exd6 f4 35. Re7+ Rxe7 36. dxe7 Kh6 37. Qe2 Kh5 {[#]} 38. Rxb7 $1 {[%mdl 512]} Re8 (38... Rxb7 39. e8=Q) 39. Rd7 Qf5 40. Rc7 Qxd5 {[#]} 41. Qc2 (41. Rc8 $142 $1 {[%mdl 512]} Rxe7 (41... Rxc8 42. e8=Q+) 42. Qc2 Qe6 43. Rh8+ Qh6 44. Qf5 Qxh8 45. Bxh8 Re2+ {[#]} 46. Kf1 $1 {[%mdl 512]}) 41... Qf7 {White is clearly winning.} 42. Qe4 Qg6 43. Qxg6+ Kxg6 44. Be5 Kf7 45. Bd6 {Accuracy: White = 79%, Black = 34%.} 1-0

[Event "CZE-ch 2020"]
[Site "Pilsen"]
[Date "2020.08.24"]
[Round "2.7"]
[White "Novotny, Michal"]
[Black "Finek, Vaclav"]
[Result "0-1"]
[WhiteElo "2246"]
[BlackElo "2344"]
[Annotator "ChessBase"]
[PlyCount "80"]
[EventDate "2020.08.23"]
[EventType "swiss"]
[EventCountry "CZE"]
[SourceTitle "playchess.com"]
[Source "ChessBase"]
[SourceQuality "1"]
[TimeControl "40/5400+30:1800+30"]

1. d4 {[%emt 0:00:51]} Nf6 {[%emt 0:00:00]} 2. Nc3 {[%emt 0:00:03]} d5 {[%emt 0:00:00]} 3. Bf4 {[%emt 0:00:01]} g6 {[%emt 0:00:22]} 4. e3 {[%emt 0:00:05]} Bg7 {[%emt 0:00:05]} 5. h4 {[%emt 0:00:02]} c5 {[%emt 0:01:44]} 6. Nb5 {[%emt 0:00:17]} Na6 {[%emt 0:02:29]} 7. c3 {[%emt 0:00:02]} Bd7 {[%emt 0:04:05]} 8. a4 {[%emt 0:01:48]} Qb6 {[%emt 0:05:52]} 9. dxc5 {[%emt 0:23:30]} Qxc5 {[%emt 0:01:56]} 10. Be5 {[%emt 0:00:10]} O-O {[%emt 0:06:21]} 11. Bd4 {[%emt 0:04:01]} Qc8 {[%emt 0:00:34]} 12. Nxa7 {[%emt 0:04:34]} Qb8 {[%emt 0:00:40]} 13. Nb5 {[%emt 0:01:22]} e5 {[%emt 0:00:15]} 14. Bb6 {[%emt 0:00:04]} Be6 {[%emt 0:05:04]} 15. a5 {[%emt 0:08:28]} Nd7 {[%emt 0:01:21]} 16. h5 {[%emt 0:01:23]} Nxb6 {[%emt 0:02:18]} 17. axb6 {[%emt 0:00:13]} Qd8 {[%emt 0:02:44]} 18. hxg6 {[%emt 0:01:30]} hxg6 {[%emt 0:02:29]} 19. Nf3 {[%emt 0:25:36]} Bf6 {[%emt 0:04:24]} 20. Be2 {[%emt 0:17:55]} Qxb6 {[%emt 0:02:29]} 21. O-O {[%emt 0:00:02]} Kg7 {[%emt 0:00:31]} 22. b4 {[%emt 0:00:34]} Rh8 {[%emt 0:05:35]} 23. Re1 {[%emt 0:05:31]} Rh6 {[%emt 0:04:54]} 24. Kf1 {[%emt 0:00:52]} Rh1+ {[%emt 0:03:05]} 25. Ng1 {[%emt 0:00:01]} Rah8 {[%emt 0:00:14]} 26. Ra5 {[%emt 0:00:36]} Qc6 {[%emt 0:04:39]} 27. e4 {[%emt 0:01:55]} Bd8 {[%emt 0:04:02]} 28. Ra3 {[%emt 0:01:34]} Bb6 {[%emt 0:02:52]} 29. Qa1 {[%emt 0:00:50]} Qe8 {[%emt 0:02:38]} 30. c4 {[%emt 0:00:37]} d4 {[%emt 0:09:54]} 31. c5 {[%emt 0:00:08]} Nxb4 {[%emt 0:04:57]} 32. cxb6 {[%emt 0:00:01]} Nc2 {[%emt 0:00:16]} 33. Qc1 {[%emt 0:00:36]} Nxe1 {[%emt 0:00:10]} 34. Qxe1 Qe7 {[%emt 0:02:25]} 35. Rg3 {[%emt 0:01:28]} Qh4 {[%emt 0:00:45]} 36. f3 {[%emt 0:00:01]} Qf4 {[%emt 0:01:26]} 37. Bd3 {[%emt 0:00:14]} R8h2 {[%emt 0:00:39]} 38. Nc7 {[%emt 0:01:14]} Bd7 {[%emt 0:04:21]} 39. Kf2 {[%emt 0:00:30]} Qh4 {[%emt 0:03:41]} 40. Qa5 {[%emt 0:00:00]} Rxg2+ {[%emt 0:00:57]} 0-1

[Event "CZE-ch 2020"]
[Site "Pilsen"]
[Date "2020.08.24"]
[Round "2.8"]
[White "Sorm, Daniel"]
[Black "Zeman, Matyas"]
[Result "1/2-1/2"]
[WhiteElo "2343"]
[BlackElo "2250"]
[Annotator "ChessBase"]
[PlyCount "83"]
[EventDate "2020.08.23"]
[EventType "swiss"]
[EventCountry "CZE"]
[SourceTitle "playchess.com"]
[Source "ChessBase"]
[SourceQuality "1"]
[TimeControl "40/5400+30:1800+30"]

1. d4 {[%emt 0:00:00]} d5 {[%emt 0:00:33]} 2. c4 {[%emt 0:00:28]} e6 {[%emt 0:00:10]} 3. Nc3 {[%emt 0:00:26]} Nf6 {[%emt 0:00:08]} 4. cxd5 {[%emt 0:00:18]} exd5 {[%emt 0:00:41]} 5. Bg5 {[%emt 0:00:40]} c6 {[%emt 0:00:09]} 6. e3 {[%emt 0:00:35]} Bf5 {[%emt 0:00:15]} 7. Qf3 {[%emt 0:00:24]} Bg6 {[%emt 0:00:10]} 8. Bxf6 {[%emt 0:00:07]} Qxf6 {[%emt 0:00:05]} 9. Qxf6 {[%emt 0:00:07]} gxf6 {[%emt 0:00:04]} 10. h4 {[%emt 0:07:39]} h5 {[%emt 0:00:18]} 11. Nh3 {[%emt 0:00:33]} Nd7 {[%emt 0:04:24]} 12. Kd2 {[%emt 0:06:54]} Nb6 {[%emt 0:04:45]} 13. b3 {[%emt 0:03:11]} Nc8 {[%emt 0:01:21]} 14. Bd3 {[%emt 0:01:16]} Bh6 {[%emt 0:00:48]} 15. g3 {[%emt 0:05:56]} Nd6 {[%emt 0:01:28]} 16. Nf4 {[%emt 0:01:04]} Bxf4 {[%emt 0:01:09]} 17. gxf4 {[%emt 0:00:28]} Bxd3 {[%emt 0:00:08]} 18. Kxd3 {[%emt 0:00:07]} Kd7 {[%emt 0:00:18]} 19. Rag1 {[%emt 0:20:40]} Rag8 {[%emt 0:01:56]} 20. e4 {[%emt 0:04:10]} dxe4+ {[%emt 0:00:35]} 21. Nxe4 {[%emt 0:00:05]} Nxe4 {[%emt 0:00:22]} 22. Kxe4 {[%emt 0:00:09]} Ke6 {[%emt 0:00:07]} 23. Re1 {[%emt 0:10:42]} Rg4 {[%emt 0:08:58]} 24. Re2 {[%emt 0:03:03]} Rhg8 {[%emt 0:12:48]} 25. f3 {[%emt 0:03:59]} Rg2 {[%emt 0:00:30]} 26. Rhe1 {[%emt 0:04:42]} Rxe2+ {[%emt 0:02:27]} 27. Rxe2 {[%emt 0:00:11]} Rg1 {[%emt 0:02:41]} 28. f5+ {[%emt 0:11:24]} Kd6 {[%emt 0:00:36]} 29. Kf4 {[%emt 0:00:27]} Kd7 {[%emt 0:02:58]} 30. Rd2 {[%emt 0:00:57]} Kd6 {[%emt 0:17:01]} 31. Re2 {[%emt 0:01:22]} Rg8 {[%emt 0:01:38]} 32. Rc2 {[%emt 0:05:37]} a5 {[%emt 0:01:59]} 33. a4 {[%emt 0:02:21]} Rg1 {[%emt 0:01:08]} 34. Rb2 {[%emt 0:03:34]} Rh1 {[%emt 0:07:13]} 35. b4 {[%emt 0:00:09]} Rxh4+ {[%emt 0:00:22]} 36. Ke3 {[%emt 0:00:07]} axb4 {[%emt 0:00:13]} 37. Rxb4 {[%emt 0:00:15]} Kc7 {[%emt 0:00:22]} 38. Rb1 {[%emt 0:01:46]} Rh2 {[%emt 0:03:09]} 39. Rg1 {[%emt 0:00:19]} Kd7 {[%emt 0:00:21]} 40. Rb1 {[%emt 0:01:07]} Kc7 {[%emt 0:00:25]} 41. Rg1 {[%emt 0:30:12]} Kd7 {[%emt 0:30:46]} 42. Ke4 1/2-1/2

[Event "CZE-ch 2020"]
[Site "Pilsen"]
[Date "2020.08.24"]
[Round "2.9"]
[White "Hurdzan, Tomas"]
[Black "Kusa, Jakub"]
[Result "1-0"]
[WhiteElo "2325"]
[BlackElo "2239"]
[Annotator "ChessBase"]
[PlyCount "83"]
[EventDate "2020.08.23"]
[EventType "swiss"]
[EventCountry "CZE"]
[SourceTitle "playchess.com"]
[Source "ChessBase"]
[SourceQuality "1"]
[TimeControl "40/5400+30:1800+30"]

1. d4 {[%emt 0:00:00]} Nf6 {[%emt 0:00:04]} 2. c4 {[%emt 0:00:00]} e6 {[%emt 0:00:07]} 3. g3 {[%emt 0:00:05]} d5 {[%emt 0:00:24]} 4. Bg2 {[%emt 0:00:12]} dxc4 {[%emt 0:01:26]} 5. Nf3 {[%emt 0:01:10]} Bb4+ {[%emt 0:01:28]} 6. Bd2 {[%emt 0:04:17]} Bxd2+ {[%emt 0:00:38]} 7. Nbxd2 {[%emt 0:00:26]} c3 {[%emt 0:01:52]} 8. bxc3 {[%emt 0:00:09]} c5 {[%emt 0:01:38]} 9. O-O {[%emt 0:08:43]} O-O {[%emt 0:02:12]} 10. Nc4 {[%emt 0:02:18]} cxd4 {[%emt 0:02:24]} 11. cxd4 {[%emt 0:00:20]} b5 {[%emt 0:09:58]} 12. Ne1 {[%emt 0:09:46]} Nd5 {[%emt 0:01:23]} 13. Ne5 {[%emt 0:00:05]} Bb7 {[%emt 0:02:51]} 14. Qb3 {[%emt 0:05:46]} a6 {[%emt 0:06:56]} 15. N1d3 {[%emt 0:01:09]} Nd7 {[%emt 0:14:24]} 16. a4 {[%emt 0:13:04]} Nxe5 {[%emt 0:01:21]} 17. Nxe5 {[%emt 0:00:28]} b4 {[%emt 0:03:35]} 18. Rfc1 {[%emt 0:08:57]} Qe7 {[%emt 0:07:10]} 19. Nc6 {[%emt 0:15:20]} Bxc6 {[%emt 0:03:44]} 20. Rxc6 {[%emt 0:00:11]} Rac8 {[%emt 0:08:16]} 21. Rxa6 {[%emt 0:04:20]} Rc3 {[%emt 0:01:39]} 22. Qb2 {[%emt 0:00:06]} Rfc8 {[%emt 0:00:46]} 23. Be4 {[%emt 0:09:14]} f5 {[%emt 0:03:32]} 24. Bf3 {[%emt 0:03:30]} Qd7 {[%emt 0:11:15]} 25. Re1 {[%emt 0:02:09]} b3 {[%emt 0:01:23]} 26. Ra5 {[%emt 0:00:59]} Nb4 {[%emt 0:02:32]} 27. Rd1 {[%emt 0:02:07]} Na2 {[%emt 0:05:12]} 28. Rb5 {[%emt 0:01:09]} Nc1 {[%emt 0:00:36]} 29. Qa3 {[%emt 0:03:11]} Rc2 {[%emt 0:02:02]} 30. Rb7 {[%emt 0:00:29]} R8c7 {[%emt 0:03:02]} 31. Rb8+ {[%emt 0:00:05]} Rc8 {[%emt 0:00:25]} 32. Rb7 {[%emt 0:00:04]} R8c7 {[%emt 0:00:06]} 33. Rb6 {[%emt 0:02:16]} Ra2 {[%emt 0:01:13]} 34. Qb4 {[%emt 0:01:23]} b2 {[%emt 0:00:40]} 35. a5 {[%emt 0:00:59]} Qe7 {[%emt 0:00:41]} 36. Qb5 {[%emt 0:01:23]} Qd7 {[%emt 0:00:26]} 37. Rb8+ {[%emt 0:00:50]} Kf7 {[%emt 0:00:19]} 38. Qb6 {[%emt 0:00:04]} Qe7 {[%emt 0:00:49]} 39. d5 {[%emt 0:00:24]} Nxe2+ {[%emt 0:00:21]} 40. Bxe2 {[%emt 0:02:05]} Rc1 {[%emt 0:00:38]} 41. Rb7 {[%emt 0:02:54]} b1=Q {[%emt 0:01:12]} 42. Qxe6+ {[%emt 0:00:29]} 1-0

[Event "CZE-ch 2020"]
[Site "Pilsen"]
[Date "2020.08.24"]
[Round "2.10"]
[White "Mica, Marek"]
[Black "Jurek, Josef"]
[Result "1/2-1/2"]
[WhiteElo "2315"]
[BlackElo "2234"]
[Annotator "ChessBase"]
[PlyCount "67"]
[EventDate "2020.08.23"]
[EventType "swiss"]
[EventCountry "CZE"]
[SourceTitle "playchess.com"]
[Source "ChessBase"]
[SourceQuality "1"]
[TimeControl "40/5400+30:1800+30"]

1. d4 {[%emt 0:00:00]} Nf6 {[%emt 0:00:00]} 2. c4 {[%emt 0:00:00]} e6 {[%emt 0:00:00]} 3. Nf3 {[%emt 0:00:06]} b6 {[%emt 0:00:36]} 4. a3 {[%emt 0:00:27]} Bb7 {[%emt 0:02:34]} 5. Nc3 {[%emt 0:00:29]} d5 {[%emt 0:01:19]} 6. Bg5 {[%emt 0:00:55]} Be7 {[%emt 0:01:14]} 7. e3 {[%emt 0:00:46]} Nbd7 {[%emt 0:05:01]} 8. cxd5 {[%emt 0:02:33]} Nxd5 {[%emt 0:01:59]} 9. Bxe7 {[%emt 0:00:29]} Qxe7 {[%emt 0:01:12]} 10. Nxd5 {[%emt 0:00:58]} exd5 {[%emt 0:00:55]} 11. Rc1 {[%emt 0:00:50]} c6 {[%emt 0:03:43]} 12. Bd3 {[%emt 0:03:23]} O-O {[%emt 0:01:55]} 13. Qc2 {[%emt 0:04:07]} g6 {[%emt 0:02:41]} 14. O-O {[%emt 0:06:50]} Rfe8 {[%emt 0:05:22]} 15. Qe2 {[%emt 0:14:26]} a5 {[%emt 0:04:57]} 16. Rfd1 {[%emt 0:02:33]} Qd6 {[%emt 0:02:58]} 17. Ne1 {[%emt 0:08:24]} Re7 {[%emt 0:02:35]} 18. Qf3 {[%emt 0:01:22]} Rc8 {[%emt 0:07:07]} 19. Qg3 {[%emt 0:07:21]} Qxg3 {[%emt 0:01:12]} 20. hxg3 {[%emt 0:00:12]} c5 {[%emt 0:01:29]} 21. dxc5 {[%emt 0:02:00]} bxc5 {[%emt 0:03:23]} 22. b4 {[%emt 0:16:25]} axb4 {[%emt 0:08:03]} 23. axb4 {[%emt 0:00:11]} cxb4 {[%emt 0:09:38]} 24. Rb1 {[%emt 0:02:45]} Rc3 {[%emt 0:07:57]} 25. Rxb4 {[%emt 0:01:28]} Nc5 {[%emt 0:00:28]} 26. Be2 {[%emt 0:01:26]} Kg7 {[%emt 0:03:28]} 27. Bf3 {[%emt 0:04:25]} Ne4 {[%emt 0:02:09]} 28. Nd3 {[%emt 0:06:26]} Rc2 {[%emt 0:02:57]} 29. Rb2 {[%emt 0:03:39]} Rxb2 {[%emt 0:02:01]} 30. Nxb2 {[%emt 0:00:07]} Rc7 {[%emt 0:00:49]} 31. Nd3 {[%emt 0:01:57]} Rc2 {[%emt 0:02:44]} 32. Nb4 {[%emt 0:01:07]} Rb2 {[%emt 0:01:11]} 33. Nd3 {[%emt 0:01:04]} Rc2 {[%emt 0:01:28]} 34. Nb4 {[%emt 0:01:13]} 1/2-1/2

[Event "CZE-ch 2020"]
[Site "Pilsen"]
[Date "2020.08.24"]
[Round "2.11"]
[White "Kopriva, Martin"]
[Black "Kozusek, Daniel"]
[Result "0-1"]
[WhiteElo "2079"]
[BlackElo "2307"]
[Annotator "ChessBase"]
[PlyCount "70"]
[EventDate "2020.08.23"]
[EventType "swiss"]
[EventCountry "CZE"]
[SourceTitle "playchess.com"]
[Source "ChessBase"]
[SourceQuality "1"]
[TimeControl "40/5400+30:1800+30"]

1. e4 {[%emt 0:00:00]} e6 {[%emt 0:01:36]} 2. d4 {[%emt 0:00:00]} d5 {[%emt 0:00:04]} 3. Nc3 {[%emt 0:00:33]} Bb4 {[%emt 0:00:13]} 4. Bd2 {[%emt 0:01:03]} Ne7 {[%emt 0:07:41]} 5. Qg4 {[%emt 0:05:20]} O-O {[%emt 0:03:11]} 6. e5 {[%emt 0:03:50]} f5 {[%emt 0:03:02]} 7. Qh3 {[%emt 0:17:58]} c5 {[%emt 0:01:39]} 8. O-O-O {[%emt 0:21:01]} cxd4 {[%emt 0:02:19]} 9. Nb5 {[%emt 0:02:05]} Bxd2+ {[%emt 0:01:21]} 10. Rxd2 {[%emt 0:00:15]} Ng6 {[%emt 0:00:53]} 11. Nxd4 {[%emt 0:03:26]} Nxe5 {[%emt 0:00:23]} 12. f4 {[%emt 0:04:40]} Ng4 {[%emt 0:01:53]} 13. Ngf3 {[%emt 0:01:31]} Qd6 {[%emt 0:04:36]} 14. Qh4 {[%emt 0:05:38]} Nc6 {[%emt 0:02:02]} 15. h3 {[%emt 0:06:42]} Nf6 {[%emt 0:00:26]} 16. Nxc6 {[%emt 0:04:00]} bxc6 {[%emt 0:00:36]} 17. Bd3 {[%emt 0:01:03]} Rb8 {[%emt 0:02:06]} 18. Ne5 {[%emt 0:01:20]} Ne4 {[%emt 0:02:50]} 19. Bxe4 {[%emt 0:06:25]} fxe4 {[%emt 0:00:12]} 20. Re1 {[%emt 0:00:44]} Ba6 {[%emt 0:09:30]} 21. c3 {[%emt 0:07:06]} Qc7 {[%emt 0:01:54]} 22. Qg3 {[%emt 0:01:05]} Rbd8 {[%emt 0:03:34]} 23. h4 {[%emt 0:01:05]} c5 {[%emt 0:00:49]} 24. h5 {[%emt 0:00:49]} Bb7 {[%emt 0:00:58]} 25. Qg4 {[%emt 0:02:38]} Qe7 {[%emt 0:08:51]} 26. Rh1 {[%emt 0:01:17]} Qf6 {[%emt 0:01:08]} 27. Ng6 {[%emt 0:01:20]} Rfe8 {[%emt 0:01:54]} 28. Nh4 {[%emt 0:00:20]} e3 {[%emt 0:00:39]} 29. Rd3 {[%emt 0:00:27]} d4 {[%emt 0:00:06]} 30. cxd4 {[%emt 0:00:45]} cxd4 {[%emt 0:00:10]} 31. Qg5 {[%emt 0:00:25]} Qxg5 {[%emt 0:00:29]} 32. fxg5 {[%emt 0:00:01]} Be4 {[%emt 0:00:23]} 33. Ra3 {[%emt 0:00:12]} Re7 {[%emt 0:01:30]} 34. g6 {[%emt 0:00:48]} Rc7+ {[%emt 0:00:09]} 35. Kd1 {[%emt 0:00:02]} Rdc8 {[%emt 0:00:15]} 0-1

[Event "CZE-ch 2020"]
[Site "Pilsen"]
[Date "2020.08.24"]
[Round "2.12"]
[White "Orsag, Milan"]
[Black "Nytra, Ondrej"]
[Result "1/2-1/2"]
[WhiteElo "2300"]
[BlackElo "1925"]
[Annotator "ChessBase"]
[PlyCount "40"]
[EventDate "2020.08.23"]
[EventType "swiss"]
[EventCountry "CZE"]
[SourceTitle "playchess.com"]
[Source "ChessBase"]
[SourceQuality "1"]
[TimeControl "40/5400+30:1800+30"]

1. Nf3 {[%emt 0:00:00]} d5 {[%emt 0:00:00]} 2. c4 {[%emt 0:00:19]} d4 {[%emt 0:07:34]} 3. e3 {[%emt 0:01:41]} c5 {[%emt 0:01:02]} 4. b4 {[%emt 0:01:12]} Bg4 {[%emt 0:03:40]} 5. Qa4+ {[%emt 0:10:38]} Qd7 {[%emt 0:00:59]} 6. Qxd7+ {[%emt 0:01:33]} Nxd7 {[%emt 0:00:14]} 7. bxc5 {[%emt 0:09:44]} e5 {[%emt 0:01:53]} 8. Be2 {[%emt 0:02:14]} Bxc5 {[%emt 0:10:21]} 9. Ba3 {[%emt 0:07:31]} Ngf6 {[%emt 0:09:02]} 10. exd4 {[%emt 0:09:49]} exd4 {[%emt 0:06:02]} 11. Bxc5 {[%emt 0:06:09]} Nxc5 {[%emt 0:01:48]} 12. Nxd4 {[%emt 0:02:56]} O-O-O {[%emt 0:01:12]} 13. Nb3 {[%emt 0:03:29]} Bxe2 {[%emt 0:07:59]} 14. Kxe2 {[%emt 0:00:07]} Rhe8+ {[%emt 0:00:04]} 15. Kd1 {[%emt 0:01:03]} Nd3 {[%emt 0:06:59]} 16. Rf1 {[%emt 0:07:41]} Nb2+ {[%emt 0:01:42]} 17. Kc2 {[%emt 0:00:21]} Nxc4 {[%emt 0:00:07]} 18. Nc3 {[%emt 0:00:15]} Na3+ {[%emt 0:00:44]} 19. Kb2 {[%emt 0:11:03]} Nc4+ {[%emt 0:00:05]} 20. Kc2 {[%emt 0:00:11]} Na3+ {[%emt 0:15:30]} 1/2-1/2

[Event "CZE-ch 2020"]
[Site "Pilsen"]
[Date "2020.08.24"]
[Round "2.13"]
[White "Laznicka, Viktor"]
[Black "Vybiral, Zdenek"]
[Result "1-0"]
[WhiteElo "2638"]
[BlackElo "2221"]
[Annotator "ChessBase"]
[PlyCount "79"]
[EventDate "2020.08.23"]
[EventType "swiss"]
[EventCountry "CZE"]
[SourceTitle "playchess.com"]
[Source "ChessBase"]
[SourceQuality "1"]
[TimeControl "40/5400+30:1800+30"]

1. d4 {[%emt 0:13:54]} d6 {[%emt 0:00:00]} 2. Nf3 {[%emt 0:00:08]} Nf6 {[%emt 0:00:00]} 3. c4 {[%emt 0:00:08]} g6 {[%emt 0:00:00]} 4. g3 {[%emt 0:00:05]} Bg7 {[%emt 0:00:08]} 5. Bg2 {[%emt 0:00:04]} O-O {[%emt 0:00:09]} 6. Nc3 {[%emt 0:00:09]} Nbd7 {[%emt 0:00:16]} 7. O-O {[%emt 0:00:07]} e5 {[%emt 0:00:09]} 8. h3 {[%emt 0:00:12]} exd4 {[%emt 0:00:38]} 9. Nxd4 {[%emt 0:00:37]} Nb6 {[%emt 0:00:06]} 10. b3 {[%emt 0:01:10]} d5 {[%emt 0:00:42]} 11. Ba3 {[%emt 0:00:50]} Re8 {[%emt 0:00:05]} 12. Qc2 {[%emt 0:00:05]} c6 {[%emt 0:18:48]} 13. Rfd1 {[%emt 0:02:14]} Bd7 {[%emt 0:00:29]} 14. cxd5 {[%emt 0:13:34]} Nbxd5 {[%emt 0:07:30]} 15. Na4 {[%emt 0:07:08]} Qa5 {[%emt 0:08:28]} 16. Bb2 {[%emt 0:02:38]} Rad8 {[%emt 0:00:52]} 17. a3 {[%emt 0:07:14]} Bc8 {[%emt 0:17:42]} 18. e4 {[%emt 0:01:57]} Nc7 {[%emt 0:00:21]} 19. Nc5 {[%emt 0:01:03]} Qb6 {[%emt 0:13:22]} 20. b4 {[%emt 0:01:27]} a5 {[%emt 0:04:41]} 21. bxa5 {[%emt 0:12:55]} Qxa5 {[%emt 0:00:18]} 22. a4 {[%emt 0:00:11]} Na6 {[%emt 0:00:53]} 23. Ndb3 {[%emt 0:00:57]} Qc7 {[%emt 0:08:00]} 24. Nxa6 {[%emt 0:00:35]} bxa6 {[%emt 0:00:02]} 25. Rxd8 {[%emt 0:06:24]} Rxd8 {[%emt 0:00:55]} 26. Rc1 {[%emt 0:00:04]} Qb6 {[%emt 0:04:54]} 27. Bc3 {[%emt 0:14:05]} Re8 {[%emt 0:02:05]} 28. a5 {[%emt 0:01:54]} Qb5 {[%emt 0:02:09]} 29. Qb2 {[%emt 0:01:13]} Be6 {[%emt 0:02:38]} 30. Bxf6 {[%emt 0:04:02]} Bxf6 {[%emt 0:00:07]} 31. Qxf6 {[%emt 0:00:04]} Qxb3 {[%emt 0:00:10]} 32. Rxc6 {[%emt 0:00:22]} Bc4 {[%emt 0:00:27]} 33. e5 {[%emt 0:03:59]} Qb5 {[%emt 0:05:27]} 34. Kh2 {[%emt 0:01:51]} Be6 {[%emt 0:00:43]} 35. h4 {[%emt 0:01:20]} h5 {[%emt 0:01:19]} 36. Be4 {[%emt 0:00:34]} Qa4 {[%emt 0:00:51]} 37. Bxg6 {[%emt 0:00:49]} Qg4 {[%emt 0:01:16]} 38. Bd3 {[%emt 0:01:10]} Qh3+ {[%emt 0:01:24]} 39. Kg1 {[%emt 0:00:01]} Rb8 {[%emt 0:00:36]} 40. Qh6 {[%emt 0:01:19]} 1-0

[Event "CZE-ch 2020"]
[Site "Pilsen"]
[Date "2020.08.24"]
[Round "2.14"]
[White "Novotny, Martin"]
[Black "Stocek, Jiri"]
[Result "0-1"]
[WhiteElo "2180"]
[BlackElo "2595"]
[Annotator "ChessBase"]
[PlyCount "84"]
[EventDate "2020.08.23"]
[EventType "swiss"]
[EventCountry "CZE"]
[SourceTitle "playchess.com"]
[Source "ChessBase"]
[SourceQuality "1"]
[TimeControl "40/5400+30:1800+30"]

1. Nf3 {[%emt 0:00:00]} d6 {[%emt 0:08:11]} 2. d4 {[%emt 0:01:49]} Nf6 {[%emt 0:00:58]} 3. c4 {[%emt 0:02:17]} g6 {[%emt 0:01:26]} 4. Nc3 {[%emt 0:00:17]} Bf5 {[%emt 0:00:19]} 5. g3 {[%emt 0:05:00]} Ne4 {[%emt 0:04:34]} 6. Nxe4 {[%emt 0:13:15]} Bxe4 {[%emt 0:02:32]} 7. Bg2 {[%emt 0:01:11]} Bg7 {[%emt 0:03:09]} 8. O-O {[%emt 0:02:15]} d5 {[%emt 0:10:58]} 9. Bf4 {[%emt 0:13:32]} Nc6 {[%emt 0:05:35]} 10. Ne5 {[%emt 0:10:15]} Bxe5 {[%emt 0:16:05]} 11. Bxe5 {[%emt 0:08:39]} Bxg2 {[%emt 0:02:52]} 12. Kxg2 {[%emt 0:00:20]} O-O {[%emt 0:01:15]} 13. Rc1 {[%emt 0:06:20]} dxc4 {[%emt 0:01:28]} 14. f3 {[%emt 0:18:07]} b5 {[%emt 0:10:41]} 15. b3 {[%emt 0:05:53]} f6 {[%emt 0:01:04]} 16. Bf4 {[%emt 0:00:30]} Qxd4 {[%emt 0:00:22]} 17. bxc4 {[%emt 0:00:34]} Qxd1 {[%emt 0:02:28]} 18. Rfxd1 {[%emt 0:00:10]} b4 {[%emt 0:00:03]} 19. Bxc7 {[%emt 0:01:09]} Rfc8 {[%emt 0:00:22]} 20. Bf4 {[%emt 0:02:14]} a5 {[%emt 0:00:16]} 21. h4 {[%emt 0:02:04]} Kf7 {[%emt 0:00:13]} 22. Rd7 {[%emt 0:00:53]} Ra7 {[%emt 0:04:30]} 23. Rcd1 {[%emt 0:01:07]} Rca8 {[%emt 0:05:17]} 24. R7d5 {[%emt 0:03:30]} Ra6 {[%emt 0:01:31]} 25. Rb5 {[%emt 0:00:35]} Rd8 {[%emt 0:03:47]} 26. Rxd8 {[%emt 0:00:29]} Nxd8 {[%emt 0:00:05]} 27. Kf2 {[%emt 0:00:26]} Nc6 {[%emt 0:00:08]} 28. Bd2 {[%emt 0:00:35]} Nd4 {[%emt 0:02:40]} 29. Rb7 {[%emt 0:00:29]} Nc2 {[%emt 0:05:19]} 30. e3 {[%emt 0:00:32]} Na3 {[%emt 0:01:22]} 31. Rc7 {[%emt 0:00:17]} Rd6 {[%emt 0:01:21]} 32. Be1 {[%emt 0:00:41]} Rd1 {[%emt 0:00:16]} 33. Ke2 {[%emt 0:00:31]} Ra1 {[%emt 0:00:16]} 34. c5 {[%emt 0:00:27]} Rxa2+ {[%emt 0:00:33]} 35. Kd3 {[%emt 0:00:20]} Ke6 {[%emt 0:01:40]} 36. Rb7 {[%emt 0:00:40]} Kd5 {[%emt 0:01:29]} 37. Ra7 {[%emt 0:00:31]} b3 {[%emt 0:00:26]} 38. Bc3 {[%emt 0:00:34]} b2 {[%emt 0:00:49]} 39. e4+ {[%emt 0:00:14]} Kxc5 {[%emt 0:01:24]} 40. Bd4+ {[%emt 0:00:43]} Kc6 {[%emt 0:00:45]} 41. Bxb2 {[%emt 0:30:18]} Rxb2 {[%emt 0:30:07]} 42. Rxa5 {[%emt 0:00:15]} Rb3+ {[%emt 0:00:14]} 0-1